Advanced Engineering Mathematics 5th Edition (Record no. 616474)

000 -LEADER
fixed length control field 00349nam a22001337a 4500
040 ## - CATALOGING SOURCE
Transcribing agency John Wiley
082 ## - DEWEY DECIMAL CLASSIFICATION NUMBER
Classification number 510 K
Author Mark 9211 A
100 ## - MAIN ENTRY--PERSONAL NAME
Personal name Kreyszig, Erwin
245 ## - TITLE STATEMENT
Title Advanced Engineering Mathematics 5th Edition
250 ## - EDITION STATEMENT
Edition statement 5th Ed.
260 ## - PUBLICATION, DISTRIBUTION, ETC.
Place of publication, distribution, etc. New York
Name of publisher, distributor, etc. John Wiley & Sons
Date of publication, distribution, etc. 1983
300 ## - PHYSICAL DESCRIPTION
Extent xvii, 988p.
Dimensions 26cm.
942 ## - ADDED ENTRY ELEMENTS (KOHA)
Source of classification or shelving scheme
Koha item type Book
Edition 5th ed.
Holdings
Withdrawn status Lost status Source of classification or shelving scheme Damaged status Not for loan Permanent Location Current Location Date acquired Total Checkouts Full call number Barcode Date last seen Price effective from Koha item type Public note
          School of Chemical & Materials Engineering (SCME) School of Chemical & Materials Engineering (SCME) 03/02/2026   510 K 9211 A SCME-D331 03/02/2026 03/02/2026 Book Donated by Dr. Ahsan
© 2023 Central Library, National University of Sciences and Technology. All Rights Reserved.